000 00283nam a2200121Ia 4500
008 190216s9999||||xx |||||||||||||| ||und||
100 _aBrown G I
245 0 _aNew Introduction To Organic Chemistry
260 _bLongmans
_c1978
300 _a378p
650 _aChemistry
942 _cBK
999 _c2329
_d2329